000 004860000a22001810004500
003 MACL
005 20160406105435.0
008 160406b xxu||||| |||| 00| 0 eng d
040 _aMACL
_cMACL
041 _aHindi
082 _a340
100 _aकपूर कालिदास
_946528
245 _aभारतीय भूनिति
260 _bहिंदी समिति
_c1964
_aलखनउ
350 _a7.50
650 _aLaw
_950704
942 _cHIN
_k340
_2ddc
999 _c22792
_d22792